Brahman Four Batches Admission In College and Two Batches Admission in Schools Education/ (Record no. 211631)

MARC details
000 -LEADER
fixed length control field 00710nam a2200205 4500
005 - DATE AND TIME OF LATEST TRANSACTION
control field 20250605155142.0
010 ## - LCCN (DPL NO)
LC control number ENG-145228
020 ## - INTERNATIONAL STANDARD BOOK NUMBER
International Standard Book Number 9788196913737
Terms of availability 280.00
035 ## - SYSTEM CONTROL NUMBER
System control number EN-128760
037 ## - SOURCE OF ACQUISITION
Source of stock number/acquisition DBAD
082 ## - DEWEY DECIMAL CLASSIFICATION NUMBER
Classification number 371.001
100 ## - MAIN ENTRY--PERSONAL NAME
Personal name Kabilan, R.
245 ## - TITLE STATEMENT
Title Brahman Four Batches Admission In College and Two Batches Admission in Schools Education/
Statement of responsibility, etc R. Kabilan [and] Lalitha Kabilan
250 ## - EDITION STATEMENT
Edition statement 1
260 ## - PUBLICATION, DISTRIBUTION, ETC. (IMPRINT)
Place of publication, distribution, etc Tamil Nadu
Name of publisher, distributor, etc Shanlax Publications
Date of publication, distribution, etc 2024
270 ## - ADDRESS
Address 61,66 T.P.K. Main Road Vasantha Nagar.
City Tamil Nadu
Postal code 625003
Electronic mail address shanlaxpublications.com
300 ## - PHYSICAL DESCRIPTION
Extent 124p.
Dimensions 25cm(pb)
700 ## - ADDED ENTRY--PERSONAL NAME
Personal name Kabilan, Lalitha
Relator term Author
9 (RLIN) 81739
942 ## - ADDED ENTRY ELEMENTS (KOHA)
Source of classification or shelving scheme Dewey Decimal Classification
Item type English Books
Classification part 371.001
Call number suffix KAB
Holdings
Withdrawn status Lost status Not for loan Collection code Home library Current library Date acquired Source of acquisition Cost, normal purchase price Full call number Barcode Copy number Cost, replacement price Koha item type
      Non-fiction RC3 Shakur Pur RC3 Shakur Pur 05/06/2025 Delivery of Books Act Division 280.00 371.001 KAB EN-128760 1 280.00 English Books

© Delhi Public Library
Hit Counter
free hit counter